000 00349 a2200133 4500
005 20250505134736.0
020 _a0-340-86738-8
082 _aLECT 001.64 STE
100 _aSTEPHEN, M.
245 _aTeach Yourself: Word 2002
260 _aLondon,
_bMcGraw-Hill,
_c2003.
300 _avii, 232p,: ill.; picture, table.
_bIndex.
_c20cm.
942 _2ddc
_cBKS
999 _c1944
_d1944